Vízia vytvorenia európskeho bankového dohľadu
Potenciálnou zmenou súčasného režimu výkonu bankového dohľadu je prijatie tzv. modelu spoločného regulátora na úrovni EÚ ("single european supervisor model") s dlhodobým cieľom, vytvoriť konzistentný dohľad s rovnakými podmienkami pre finančné skupiny z rôznych odvetví, ktoré vykonávajú svoju činnos...
Gespeichert in:
| 1. Verfasser: | |
|---|---|
| Format: | Buchkapitel |
| Sprache: | Slowakisch |
| Schlagworte: | |
| Tags: |
Keine Tags, Fügen Sie das erste Tag hinzu!
|
MARC
| LEADER | 00000nla$a2200000$$$4500 | ||
|---|---|---|---|
| 001 | 0116631 | ||
| 005 | 20231121082125.8 | ||
| 041 | 0 | |a slo | |
| 044 | |a SK | ||
| 245 | 1 | 0 | |a Vízia vytvorenia európskeho bankového dohľadu |c Mária Petianová |
| 520 | |a Potenciálnou zmenou súčasného režimu výkonu bankového dohľadu je prijatie tzv. modelu spoločného regulátora na úrovni EÚ ("single european supervisor model") s dlhodobým cieľom, vytvoriť konzistentný dohľad s rovnakými podmienkami pre finančné skupiny z rôznych odvetví, ktoré vykonávajú svoju činnosť na paneurópskom základe. Tento model predstavuje alternatívu zmien v oblasti bankového dohľadu s vytvorením jednotnej a jedinej európskej dohliadacej autority. | ||
| 610 | 2 | 0 | |a bankovníctvo |
| 610 | 2 | 0 | |a Európska centrálna banka |
| 610 | 2 | 0 | |a služby finančné |
| 610 | 2 | 0 | |a dohľad bankový |
| 610 | 2 | 0 | |a stabilita finančná |
| 100 | 1 | |a Petianová, Mária | |